000 01368cam a22003617a 4500
003 CHAP
005 20220329141824.0
008 971113d1997 mx r 00110 spa d
010 _a74393
011 _a75365
035 _a84925
040 _cCHAP
090 _aTesis
100 0 0 _aRamírez Ramírez, Faustino.
_994202
245 1 0 _aReducción del porte de la planta de chile manzano (Capsicum pubescens R & P) mediante aplicaciones de N-Dimetilaminosuccinamico (B-9 Ó Alar)
_c/por Faustino Ramírez Ramírez
260 0 _aChapingo, Méx. :
_bEl autor,
_c1997.
300 _a53 h. :
_bgráfs.
502 _aTesis (Ing. Agr. Esp. en Fitotecnia) -- UACH. Departamento de Fitotecnia
590 _aALEPH
_b10
_c20130110
_lUCH01
_h1418
590 _aBATCH-UPD
_b10
_c20130110
_lUCH01
_h0445
590 _aBATCH-UPD
_b10
_c20130410
_lUCH01
_h0122
590 _aBATCH-UPD
_b10
_c20130914
_lUCH01
_h0923
590 _aCONVERSION
_b10
_c20130109
_lUCH01
_h1341
650 1 4 _aChile (Botánica)
_xFisiología y morfología.
_922360
650 1 4 _aChile manzano.
_922444
650 1 4 _aPlantas
_xCrecimiento
_xAditivos.
_988804
901 _aBK
905 _aGuagalupe Pinto C.
942 _cFOLL
949 _bBC
_cTES
_d33724000638888
_eTS2
_fc.2
_h31762
_i84925
_sb
949 _bBC
_cTES
_d33724000768172
_eTS2
_fc.3
_h35448
_i84925
_sb
949 _bBC
_cTES
_d849251
_eTS1
_h31761
_i84925
_sb
999 _c74393
_d74393